Modernización agrícola en El Salvador /

Presenta las características del desarrollo y la modernización agrícola en El Salvador fundamenta el desarrollo agrario salvadoreño de las últimas dos décadas, en el monopolio de la propiedad de la tierra y del crédito, la manteción de mano de obra barata, la primacía de los cultivos de exportación,...

Olles dieđut

Furkejuvvon:
Bibliográfalaš dieđut
Váldodahkki: Ruiz Granadino, Santiago
Materiálatiipa: Texto
Giella:Spanish
Almmustuhtton: San Salvador: s.e , 1978
Fáttát:
Fáddágilkorat: Lasit fáddágilkoriid
Eai fáddágilkorat, Lasit vuosttaš fáddágilkora!

MARC

LEADER 00000 a a2200000 04500
001 19643
003 cru CRAI/IIS
005 20210527122956.0
008 210506b |||||||| |||| 00| 0 spa d
040 |c cru CRAI/IIS 
090 |a 07.01.02 R934m 
100 1 |a Ruiz Granadino, Santiago  
245 1 |a Modernización agrícola en El Salvador /  |c Santiago Ruiz Granadino 
260 |a San Salvador:   |b s.e ,  |c 1978 
300 |a 44 p.  
500 |a Colección Centroamérica 
520 |a Presenta las características del desarrollo y la modernización agrícola en El Salvador fundamenta el desarrollo agrario salvadoreño de las últimas dos décadas, en el monopolio de la propiedad de la tierra y del crédito, la manteción de mano de obra barata, la primacía de los cultivos de exportación, el predominio del grupo agroexportador y su hegemonía política directa e indirecta./ALLV  
650 |a DESARROLLO AGRICOLA  
650 |a MODERNIZACION  
942 |2 ddc  |c LI 
999 |c 8408  |d 8408